00841nam a22002417a 450000500170000001000130001702000220003003500130005203700160006504000120008108200160009310000250010924500950013426000550022927000460028430000280033050000200035865000200037865000220039894200250042099900190044595201350046420170124105949.0 aB-031022 c00.00a8121509440 aB-031022 bCen Lib/Ret aDPLbEN a250.31bBEL aBell, Charles913114 aPortrait of a Dalai Lama :cby Charles Bell bthe life and times of the great thirteenth / aNew Delhi bMunshiram Manoharlal Publishers c2000 bNew Delhi a54, rani jhansi road e110055 a414p. ;c21cm(Hb)bill. aIncludes index  aBuddhism 91068 aDalai Lama911166 2ddccENh250.31mBEL c125128d125128 00104070aLbLd2015-06-19eCen Lib/Retg0.00l2o250.31 BELpB-031022r2022-10-15 00:00:00s2022-09-26t1v0.00w2015-06-19yEN